00497nam a2200133Ia 4500008004100000100002200041245003700063260006900100300001100169650002300180856006800203999001900271952007300290160712s9999 xx 000 0 und d aRosario, Kat Del. cKat Del RosarioaPaying Respects c2013bLikhaan: The Journal of Contemporary Philippine Literature avol. 7 xFICTION/NONFICTION uhttp://journals.upd.edu.ph/index.php/lik/issue/view/537/showToc c297282d297282 001040aCLbCLd2016-07-12l0r2016-07-12 00:00:00w2016-07-12yFEJ